Loading...
| Literature - World Literature | 0 | 6 | 0 | 1 | 60 | 34 | 95.50 | 1 | 2 |
| Literature - American Literature | 0 | 6 | 0 | 0 | 60 | 74 | 101.00 | 0 | 1 |
| Literature - British Literature | 0 | 5 | 0 | 0 | 50 | 36 | 74.40 | 0 | 3 |
| Geography | 0 | 4 | 0 | 0 | 40 | 37 | 74.00 | 1 | 2 |
| History - American History | 0 | 5 | 3 | 0 | 35 | 30 | 54.80 | 0 | 3 |
| Fine Arts - Other Fine Arts | 0 | 3 | 0 | 0 | 30 | 52 | 73.00 | 1 | 2 |
| Literature - European Literature | 0 | 3 | 0 | 0 | 30 | 83 | 99.67 | 0 | 1 |
| Painting/Sculpture | 0 | 3 | 0 | 1 | 30 | 62 | 94.67 | 0 | 1 |
| Religion | 0 | 3 | 1 | 0 | 25 | 58 | 86.67 | 0 | 0 |
| History - World History | 0 | 2 | 0 | 1 | 20 | 56 | 71.50 | 0 | 1 |
| Pop Culture | 0 | 2 | 0 | 0 | 20 | 27 | 34.50 | 0 | 1 |
| History - European History | 0 | 2 | 0 | 0 | 20 | 52 | 56.50 | 0 | 1 |
| Social Science | 0 | 2 | 1 | 0 | 15 | 54 | 66.50 | 1 | 2 |
| Mythology | 0 | 2 | 1 | 1 | 15 | 102 | 105.00 | 0 | 0 |
| Science - Other Science | 0 | 2 | 1 | 0 | 15 | 58 | 68.50 | 0 | 1 |
| History - Other History | 0 | 1 | 0 | 0 | 10 | 97 | 97.00 | 0 | 0 |
| Fine Arts - Classical Music | 0 | 1 | 1 | 0 | 5 | 77 | 77.00 | 0 | 1 |
| Current Events | 0 | 1 | 1 | 0 | 5 | 49 | 49.00 | 0 | 1 |
| Science - Physics | 0 | 0 | 1 | 0 | -5 | 0.00 | 0 | 0 |